000 00436nam a2200181u 4500
008 080212|||||||||||||||||||||||||||||eng|u
020 _a0471836591
100 1 _aSolomons, T. W. Graham
245 1 0 _aOrganic chemistry
_cT. W. Graham Solomons
250 _a4th ed.
260 _aNew York
_bJohn Wiley & Sons
_c1988
300 _a1186p.
650 4 _aQuimica
650 4 _aOrganica
961 w l _t11
999 _c579
_d579